000 00598nam a2200181Ia 4500
008 151202s9999||||xx |||||||||||||| ||und||
082 _bPNVM-55713
100 _aपांढरीपांडे विजय.
245 _aपत्रांजली.
260 _b"मेनका प्रकाशन,पुणे."
260 _c1974
300 _a194
600 _aपांढरीपांडे विजय.
630 _aपत्रांजली.
700 _aपांढरीपांडे विजय.
730 _aपत्रांजली.
942 _cBOOK
999 _c1322251
_d1322248